LEADER 01163nam a2200289 i 4500 001 991002565959707536 008 040512s2000 it 000 0 ita d 020 $a8876403329 035 $ab12941967-39ule_inst 040 $aDip.to Scienze pedagogiche$bita 041 1$aita$heng 082 0 $a616.890086 100 1 $aSkodol, Andrew E. $0486903 240 10$aPsychopathology and violent crime$913307 245 10$aPsicopatologia e crimini violenti /$cAndrew E. Skodol ; presentazione ed edizione italiana a cura di Ugo Fornari 260 $aTorino :$bCentro scientifico editore,$cc2000 300 $axxiii, 168 p. ;$c21 cm 440 0$aCollana di criminologia clinica, psicologia giudiziaria e psichiatria forense ;$v11 650 4$aOmicidio$xPsicopatologia 650 4$aViolenza$xAspetti psicologici 700 1 $aFornari, Ugo 907 $a.b12941967$b21-09-06$c12-05-04 912 $a991002565959707536 945 $aLE022 616 SKO01.01$g1$i2022000110396$lle022$op$pE16.53$q-$rl$s- $t0$u2$v0$w2$x0$y.i13529791$z20-05-04 996 $aPsychopathology and violent crime$913307 997 $aUNISALENTO 998 $ale022$b12-05-04$cm$da $e-$fita$git $h0$i0 LEADER 03982oam 2200769I 450 001 9910789935003321 005 20230725033228.0 010 $a1-136-76251-5 010 $a1-136-76252-3 010 $a0-203-82215-3 024 7 $a10.4324/9780203822159 035 $a(CKB)2670000000174242 035 $a(EBL)716495 035 $a(OCoLC)797918585 035 $a(SSID)ssj0000644759 035 $a(PQKBManifestationID)11429211 035 $a(PQKBTitleCode)TC0000644759 035 $a(PQKBWorkID)10676691 035 $a(PQKB)10765160 035 $a(MiAaPQ)EBC716495 035 $a(Au-PeEL)EBL716495 035 $a(CaPaEBR)ebr10551339 035 $a(CaONFJC)MIL760969 035 $a(OCoLC)794489500 035 $a(EXLCZ)992670000000174242 100 $a20180706d2011 uy 0 101 0 $aeng 135 $aur|n|---||||| 181 $ctxt 182 $cc 183 $acr 200 00$aAlcohol, tobacco and obesity $emorality, mortality and the new public health /$fedited by Kirsten Bell, Darlene McNaughton and Amy Salmon 210 1$aAbingdon, Oxon :$cRoutledge,$d2011. 215 $a1 online resource (243 p.) 225 1 $aRoutledge studies in public health 300 $aDescription based upon print version of record. 311 $a0-415-82006-5 311 $a0-415-59017-5 320 $aIncludes bibliographical references and index. 327 $aFront Cover; Alcohol, Tobacco and Obesity; Copyright Page; Contents; List of figures; List of contributors; Preface and acknowledgements; Introduction; Part I: The cultural politics of public health scholarship and policy; 1. Deconstructing behavioural classifications: tobacco control, 'professional vision' and the tobacco user as a site of governmental intervention: Michael Mair; 2. Neoliberalism, public health and the moral perils of fatness: Kathleen Lebesco; 3. Addiction and personal responsibility as solutions to the contradictions of neoliberal consumerism: Robin Room 327 $a4. Between alarmists and sceptics: on the cultural politics of obesity scholarship and public policy: Michael Gard5. Legislating abjection? Second-hand smoke, tobacco-control policy and the public's health: Kirsten Bell; Part II: Rationality and the ambivalent place of pleasure; 6. Permissible pleasures and alcohol consumption: Robin Bunton; 7. Intoxication, harm and pleasure: an analysis of the Australian National Alcohol Strategy: Helen Keane; 8. Smoking causes creative responses: on state anti-smoking policy and resilient habits: Simone Dennis 327 $a9. The sociality of smoking in the face of anti-smoking policies: Lucy McCullough10. In praise of hunger: public health and the problem of excess: John Coveney; Part III: Gendered bodies, gendered policies; 11. From the womb to the tomb: obesity and maternal responsibility: Darlene McNaughton; 12. Responsibility for the family's health: how nutritional discourses construct the role of mothers: Svetlana Ristovski-Slijepcevic; 13. Pretty girls don't smoke: gender and appearance imperatives in tobacco prevention: Rebecca J. Haines-Saah 327 $a14. Aboriginal mothering, FASD prevention and the contestations of neoliberal citizenship: Amy SalmonIndex 410 0$aRoutledge studies in public health. 606 $aPublic health 606 $aHealth promotion 606 $aHealth status indicators 606 $aAlcoholism 606 $aTobacco use 606 $aObesity 615 0$aPublic health. 615 0$aHealth promotion. 615 0$aHealth status indicators. 615 0$aAlcoholism. 615 0$aTobacco use. 615 0$aObesity. 676 $a362.1 701 $aBell$b Kirsten$0916779 701 $aMcNaughton$b Darlene$01579760 701 $aSalmon$b Amy$01579761 801 0$bMiAaPQ 801 1$bMiAaPQ 801 2$bMiAaPQ 906 $aBOOK 912 $a9910789935003321 996 $aAlcohol, tobacco and obesity$93860067 997 $aUNINA LEADER 04173pam 2200637 a 450 001 9910495878903321 005 20230828224057.0 010 $a9780520914384 010 $a0520914384 010 $a9780585229645 010 $a0585229643 024 7 $a10.1525/9780520914384 035 $a(CKB)111004366711870 035 $a(MH)003979491-1 035 $a(DE-B1597)565725 035 $a(DE-B1597)9780520914384 035 $a(OCoLC)1224278622 035 $a(MiAaPQ)EBC30771964 035 $a(Au-PeEL)EBL30771964 035 $a(OCoLC)1409030961 035 $a(Perlego)4258551 035 $a(EXLCZ)99111004366711870 100 $a19930506d1994 ub 0 101 0 $aeng 135 $aur||#|||||||| 181 $ctxt$2rdacontent 182 $cc$2rdamedia 183 $acr$2rdacarrier 200 14$aThe color of gender $ereimaging democracy /$fZillah R. Eisenstein 205 $aReprint 2020 210 $aBerkeley $cUniversity of California Press$dc1994 215 $a1 online resource (xi, 277 p. ) 311 0 $a9780520084223 311 0 $a0520084225 320 $aIncludes bibliographical references (p. 225-270) and index. 327 $tFront matter --$tContents --$tAcknowledgments --$tIntroduction --$tPART 1. STUNTED IMAGININGS: THE PROBLEMS OF PATRIARCHAL LIBERALISM AND SOCIALISM --$t1. Eastern European Male Democracies: A Problem of Unequal Equality --$tPART 2. WHO NEEDS GUNS? THE PRIVATIZATION OF THE AMERICAN STATE --$t2. United States Politics and the Myth of Post- Racism: The Supreme Court, Affirmative Action, the Black Middle Class, and the New Black Conservatives --$t3. The "New Racism" and Its Multiple Faces: The Civil Rights Act of 1990-91, the Clarence Thomas Hearings, the Gulf War, and "Political Correctness" --$t4. Reproductive Rights and the Privatized State: The Webster Decision, Post-Webster Restrictions, and the Bush Administration --$t5. The Contradictory Politics of AIDS: Public Moralism versus the Privatized State --$tPART 3. READ OUR LIPSTICK: FURTHER IMAGININGS --$t6. Revisioning Privacy for Democracy --$t7. Imagining Feminism: Women of Color Specifying Democracy --$tPostscript --$tNotes --$tIndex 330 $aIn this provocative volume, Zillah Eisenstein uncovers the hidden sexual and racial politics of the past decade. Beginning where she left off in her award-winning book The Female Body and the Law, Eisenstein takes the reader on a feminist-inspired road trip, traveling from the thicket of recent abortion decisions to the revolutions of 1989 to the murky chambers of the Anita Hill/Clarence Thomas hearings. Along the way, she enunciates a wholly original conception of individual privacy and sexual rights. Eisenstein brings a range of topics to her discussion: the L.A. riots, crack babies, Murphy Brown, political correctness, the 1992 presidential election, the Gulf War. She seeks to redirect our thinking about democracy away from universal conceptions that mask racial and gender oppression to the specific realities of women and people of color. A respect for multiple differences--as represented in the needs of women of color and their bodies--is, she says, essential to inclusive universal rights. Reproductive freedoms and sexual equality, not abstract notions of civil liberties, provide the wellsprings of a meaningful democratic life. Using this perspective to evaluate the Eastern European revolutions of 1989, Eisenstein finds that the separation between their ideals and the reality of the market system illustrates the failings of democratic theory, especially for women. Eisenstein's controversial arguments will provoke a rethinking of what race and gender mean today. 606 $aSexism 606 $aRacism 606 $aPatriarchy 606 $aDemocracy 606 $aFeminism 615 0$aSexism. 615 0$aRacism. 615 0$aPatriarchy. 615 0$aDemocracy. 615 0$aFeminism. 676 $a305.3 700 $aEisenstein$b Zillah R$0183195 801 0$bDLC 801 1$bDLC 801 2$bDLC 906 $aBOOK 912 $a9910495878903321 996 $aThe color of gender$92863311 997 $aUNINA